| 000 | 00353nam a2200133Ia 4500 | ||
|---|---|---|---|
| 008 | 240624s9999 xx 000 0 und d | ||
| 041 | _aeng | ||
| 082 | _a823 DUT | ||
| 100 | _aDUTTA KRISHNA | ||
| 245 | _aSELECTED LETTERS OF RABINDRANATH TAGORE | ||
| 260 |
_c2005 _aNew Delhi _bCambridge University Press |
||
| 300 | _axxx, : 561 : cm. ; 24 | ||
| 365 | _cRS | ||
| 999 |
_c2249 _d2249 |
||